000 01338nam a2200325 i 4500
003 EG-GICUC
005 20260212200304.0
008 260212s1991 ua ||||fr|||| 00| 0 ara d
017 _a1991/8993
040 _a EG-GICUC
_bara
_c EG-GICUC
_d EG-GICUC
_erda
041 _aara
082 0 4 _221
_a343.3917
_bح س . ت
092 0 4 _221
099 _aLaw1 10 343.3917 ح س . ت 1991
100 0 _aحسين عبدالسلام جابر
_eمؤلف.
245 1 2 _aالتقرير الطبي بإصابة المجنى عليه واثره فى الاثبات فى الدعويين الجنائية والمدنية /
_cتأليف حسين عبدالسلام جابر.
264 1 _aالاسكندرية :
_bدار نهضة القانون للمطبوعات القانونية والاقتصادية،
_c1991.
300 _a239 صفحة ;
_c24 سم.
336 _2rda content
_atext
337 _2rda media
_aComputer
338 _2rda carrier
_aOnline Resource
504 _aيشتمل على إرجاعات ببليوجرافية.
546 _aالنص باللغة العربية
650 1 _aالقانون الجنائي
650 1 _aأنواع الأدلة الجنائيي
650 1 _aالتقرير الطبي
856 4 0 _uhttps://fll.law.cu.edu.eg/fulltext/bks/B10-08891.pdf
905 _a43
942 _2ddc
_n0
_cBK
_e21
999 _c62977
_d62977